Statistics for What Is It?

Click here to take the quiz!

General Stats

  • This quiz has been taken 833 times
  • The average score is 11 of 15

Answer Stats

HintAnswer% Correct
I have 2 Cities over 10MIL Population And I’m in South AmericaBrazil
92%
I’m mad at Denmark for naming the territory GREELAND when I have more green and I’m closer!Iceland
92%
Pasta, Spaghetti, Pizza, 🤩🤩🤩Italy
92%
I love my coral reefs, I say hi by saying, “hi Mate”Australia
88%
I I’m Europe, and I’m the longest border with germanyFrance
88%
I like The name King-Jon-Un, we admire itNorth Korea
88%
I’m a French Territory In South America, my biggest border is..Suriname
83%
You know me, that small European country with that BIG piece of land on the arctic.Denmark
79%
Border 2 countries in Southern Europe, *hint* one of them is franceAndorra
75%
I really like my liquid, it goes on pancakes, waffles and more..Canada
71%
You probably know who I am, does the number 50 remind you?United States
67%
My GDP is 11.4K, I border Burundi and people confuse me with BurundiRwanda
63%
I like my 7 star hotel on the beach, who am I?United Arab Emirates
46%
I screwed myself in the 1980’s - 2000’sRussia
38%
Named after water, how depressing (____ Water)Fiji
25%

Score Distribution

Percentile by Number Answered

Percent of People with Each Score

Your Score History

You have not taken this quiz